Legacies - who said it? pt2 - Statistics

General Stats
  • This quiz has been taken 59 times
  • The average score is 12 of 40
Answer Stats
Hint Answer % Correct
HOPE ANDREA MIKAELSON Lizzie
74%
He dumped you, get over it Hope
72%
This hatred, this vengeance, this is your father Alaric
56%
Love lose grieve repeat, I'm finally free Hope
56%
Congrats you're an orphan and an only child Hope
51%
They all have a giant Tribrid-shaped blind spot Lizzie
49%
You're not the first person around here who's killed me Landon
46%
Guilt tripping me is just about as impossible as killing me Hope
44%
Why don't you pick on someone your own size Josie
44%
I eat monsters like you Malivore
44%
I love you and I will not lose you again Cassandra Sebastian
44%
The blood of a god flows through my veins magic cannot hold me Ben
41%
It's Japanese for what the hell is she doing here Josie
41%
If you are lying to me again, pray to some other God Ken
41%
Why are you carrying a sword? Lizzie
41%
Can you tell your sister, something a better man would say Sebastian
41%
Own up to the fact that I've always had feeling for you Raf
36%
My talent is spoken word poetry Raf
28%
This version of you, it ain't worth dying for Kaleb
26%
Could you stop magiking me Clarke
23%
Hope Mikaelson must die Cleo
21%
Where do you see yourself on your 25th birthday? Finch
21%
You're going to be this beautiful forever Freya
21%
Do not deliberately alienate the entire student body while the rest of us save the world Lizzie
21%
This is a seminal work of fiction not something to run your horny clock out MG
21%
I say we DIY and pretend they're Lizzie Saltzman Penelope
18%
Thought you'd be happy to see me Rebekah
18%
That didn't even come close to my heart, hit me in my solar plexus Kaleb
15%
You said my look was classic Landon
15%
Everything that can be lost may also be found Rebekah
15%
Get the entire squad and bring them all here to face me Ben
13%
Too bad I've got super friends MG
13%
But is it any match for the Tribrid Aurora
10%
I'm gonna make manager this time Chad
10%
You screwed me over, and now I get payback Clarke
10%
Well I'm a pacifist Jen
10%
A little hope goes a long way MG
10%
I dont know Lizzie, seems like you have a lot going on Pedro
10%
Hope's so smart and pretty and you know always saves the day Chad
8%
You're quite the artist Aurora
5%
No matching quizzes found
Score Distribution
Percent of People with Each Score
Percentile by Number Answered
Your Score History
You have not taken this quiz